000 00982nas a2200313 i 4500
001 2863
003 ES-MaACL
005 20250804062725.0
007 t|
008 020321c2000 sp f| | 0 ||pa d
022 _a1577-0079
080 _a(460)
080 _a1
245 0 0 _aRevista de estudios orteguianos.
260 _aMadrid :
_bFundación José Ortega y Gasset, Centro de Estudios Orteguianos,
_c2000-
300 _a11 v. ;
_c24 cm.
310 _aSemestral
362 0 _aNº 1 (nov. 2000)-
650 1 7 _aFilosofía
_2embne
_912802
655 7 _2tgfbne
_9226866
_aRevistas
710 2 _aFundación José Ortega y Gasset.
_94345
710 2 _aCentro de Estudios Orteguianos.
_92662
852 _aES-MaACL
_jHEM-2035
_cHEM
856 _uhttps://dialnet.unirioja.es/servlet/revista?codigo=3146
_ySumarios de la revista en Dialnet
866 0 _o2000-2012.
942 _2udc
_cPERIODICA
999 _c2863
_d2863